| 000 | 00966cad a22002175a 4500 | ||
|---|---|---|---|
| 001 | L157069 | ||
| 008 | 120829s2012 xxk f 000 0 eng d | ||
| 020 | _a9781842198063 | ||
| 035 | _a(Sirsi) u157069 | ||
| 041 | 0 | _aeng | |
| 100 | 1 | _aCostello, Greg | |
| 245 | 0 | 0 |
_aLand leverage dynamics in property markets _h[electronic resource] |
| 260 |
_aLondon _bRICS _c2012 |
||
| 490 | 0 | _aRICS Research | |
| 520 | _aUses data from Perth in Western Australia to look at the Land Leverage Hypothesis, and to examine property assets as a form of composite asset where major components of value are commonly classified as comprising a land and an improvements (structural) component as relevant proportions of the total value of the asset. | ||
| 651 | 4 | _aAustralia | |
| 690 |
_aCommercial property _96227 |
||
| 700 | 1 | _aLeishman, Chris | |
| 856 | 4 | 0 |
_uhttps://www.rics.org/Global/Land_Leverage_120612_dwl_aj.pdf _zView the item free of charge at www.rics.org |
| 942 | _n0 | ||
| 999 |
_c114571 _d114571 |
||